Normal view
MARC view
- Muhammad Taufeeq
Entry Personal Name
001 - CONTROL NUMBER
- control field: 3906
003 - CONTROL NUMBER IDENTIFIER
- control field: NUST
005 - DATE AND TIME OF LATEST TRANSACTION
- control field: 20170815112302.0
008 - FIXED-LENGTH DATA ELEMENTS
- fixed length control field: 170815|| aca||aabn | a|a d
040 ## - CATALOGING SOURCE
- Original cataloging agency: NUST
- Transcribing agency: NUST
100 ## - HEADING--PERSONAL NAME
- Personal name: Muhammad Taufeeq
670 ## - SOURCE DATA FOUND
- Source citation: Work cat.: (NUST): Muhammad Taufeeq, Kheel ka irtaqai safar/, 2009
